Etes-vous un bon menteur - Statistiques

Statistiques générales
  • Ce quiz a été pris 92 fois
  • Le résultat moyen est 47 sur 74
Statistiques - réponses
Hint Réponse % Correct
La Tour Eiffel est une antenne pour parler aux martiens Oui
78%
Spider-Man est un homme araignée Non
77%
La Seine traverse la ville de Paris Non
77%
Le click and collect permet de commander en ligne et retirer en magasin Non
77%
Le tennis se joue avec une raquette Non
76%
Le Canada se trouve au sud de l'Afrique Oui
76%
Grey's Anatomy est un documentaire sur la couleur grise Oui
76%
Macron est président Non
74%
Titanic est un film avec un gros bateau Non
74%
Le sucre est salé Oui
74%
The Walking Dead suit des gens qui font de la marche nordique Oui
74%
Les océans sont remplis de sel Non
73%
Les licornes ont une corne sur le front Non
73%
Ton patron est un robot télécommandé Oui
73%
Le lundi a été supprimé par décret Oui
73%
La Casa de Papel se passe dans une usine de papier toilette Oui
73%
L'eau est dure Oui
73%
Jules César était un président américain Oui
73%
Un CV est une liste de tes plats préférés Oui
73%
Le pain est fait avec de la farine Non
72%
La Seconde Guerre mondiale s'est terminée en 1945 Non
72%
Venise et la ville de l'eau Non
72%
KFC et un fast-food Non
72%
Barack Obama était français Oui
72%
L'organigramme est un instrument de musique à vent Oui
72%
Tu est un humain Non
70%
Les livres sont écrit par des vrai personne Non
70%
Star Wars se passe dans l'espace Non
70%
Le Japon est un pays situé en Europe Oui
70%
Le leadership consiste à crier le plus fort possible Oui
70%
L'éléphant utilise sa trompe pour faire du saut à la perche Oui
70%
La maison Blanche et fait que pour les blanc Oui
70%
Zinédine Zidane était un célèbre danseur étoile Oui
70%
La salade est verte Non
69%
Les personne qui font de l'art ont tous des cheveux rouge, rose, vert ou bleu Oui
69%
Le lundi est le jour préféré des travailleurs Oui
68%
La Révolution française a eu lieu en 1789 Non
66%
Mars est surnommée la planète rouge Non
66%
Un planning sert à organiser le temps de travail des vendeurs Non
66%
Le lion est un animal herbivore Oui
66%
You est une série qui parle de moi Oui
66%
Le SEO est un agent secret qui travaille pour Google Oui
66%
Molière était un célèbre dramaturge Non
65%
La terre est ronde Non
65%
Breaking Bad parle d'un prof qui répare des voitures Oui
65%
La zone de chalandise est une aire de jeux pour enfants Oui
65%
Vikings raconte la vie de marins qui ont peur de l'eau Oui
65%
Messi dit toujours mais si Oui
65%
La Terre tourne autour du Soleil Non
64%
Le soleil est froid Oui
64%
Animer une équipe consiste à faire des tours de magie en réunion Oui
64%
père en espagnol ce dit padro Oui
64%
Un mouton mange des légumes Non
62%
Le traité de Versailles a mis fin à la Première Guerre mondiale Non
62%
Le Cruz et une bourse pour les personne âgée Oui
61%
Le "Penseur" est une sculpture de Rodin Non
58%
Le kaki est un légume Oui
57%
Un chien mue Oui
57%
Le facing consiste à mettre les produits bien en avant Non
55%
Les lois sont écrites sur du papier Non
55%
Picasso était un peintre cubiste Non
54%
Napoléon était un roi Oui
54%
L'Islande est une île volcanique Non
53%
La Grande Muraille de Chine est visible depuis Mars Oui
50%
La PLV est un vaccin obligatoire Oui
49%
Les sous-marin sont fait pour rester que près de la mer Oui
47%
La lumière ralentit quand elle traverse un pot de confiture Oui
45%
L'analyse SWOT étudie les Forces et les Faiblesses Non
42%
Un clown est un imbécile Non
35%
Pluton est une planète Oui
34%
Les baleines sont des poissons Non
30%
Le football existe depuis le temps des égyptien Non
26%
Stranger Things traite de choses tout à fait normales Non
11%
Les atomes sont des petits ballons de foot Non
8%
Aucun quiz correspondant
Distribution des résultats
% des personnes avec chaque résultat
Percentile par nombre de réponses
Votre historique - résultats
Vous n’avez pas pris ce quiz